Statistics for Language by Letter #1

Click here to take the quiz!

General Stats

  • This quiz has been taken 36 times
    (34 since last reset)
  • The average score is 9 of 10

Answer Stats

LetterAnswer% Correct
ضArabic
100%
AEnglish
97%
Japanese
94%
ДRussian
94%
ßGerman
87%
ÑSpanish
87%
Chinese
84%
Hindi
81%
ØDanish
77%
ÃPortuguese
61%

Score Distribution

Percentile by Number Answered

Percent of People with Each Score

Your Score History

You have not taken this quiz since the last reset